Southville International School and Colleges
Your cart is empty.
  • Cart
  • Lists
    Public lists Eva Luna New books Lux_list list_1
    Your lists Log in to create your own lists
  • Log in to your account
  • Your cookies
  • Search history
Southville International School and Colleges
  • Advanced search
  • Recent comments
  • Most popular
  • Libraries

Log in to your account

Log in with GOOGLE


If you do not have an external account, but do have a local account, you can still log in:

  1. Home
  2. MARC view: Historical facts-ancient times :
Normal view MARC view ISBD view

Historical facts-ancient times : (Record no. 102888)

[ view plain ]
MARC details
000 -LEADER
fixed length control field 00626nam a2200181 a 4500
005 - DATE AND TIME OF LATEST TRANSACTION
control field 20140412111245.0
008 - FIXED-LENGTH DATA ELEMENTS--GENERAL INFORMATION
fixed length control field 000904s19uu xx 00 eng d
020 ## - INTERNATIONAL STANDARD BOOK NUMBER
International Standard Book Number 0-517-06559-2
050 ## - LIBRARY OF CONGRESS CALL NUMBER
Classification number REF 930
Item number O 1992
100 ## - MAIN ENTRY--PERSONAL NAME
Personal name O'Neill, Amanda
245 ## - TITLE STATEMENT
Title Historical facts-ancient times :
Remainder of title a journey from the dawn of history to the glory or Rome /
Statement of responsibility, etc Amanda O'Neill.
260 ## - PUBLICATION, DISTRIBUTION, ETC. (IMPRINT)
Place of publication, distribution, etc New York :
Name of publisher, distributor, etc Crescent Books,
Date of publication, distribution, etc 1992.
300 ## - PHYSICAL DESCRIPTION
Extent 108 p.
440 ## - SERIES STATEMENT/ADDED ENTRY--TITLE
Title Historical Facts
520 ## - SUMMARY, ETC.
Summary, etc Looking at the ancient world does not mean dry bones, ruins and dusty inscriptions.
650 ## - SUBJECT ADDED ENTRY--TOPICAL TERM
Topical term or geographic name as entry element History
General subdivision ancient times
Holdings
Withdrawn status Lost status Damaged status Home library Current library Shelving location Date acquired Source of acquisition Total Checkouts Full call number Barcode Date last seen Price effective from Koha item type
      Elizalde Library Elizalde Library Reference Section 09/04/2000     REF 930 O 1992 E3086 04/12/2014 04/12/2014 Books

Historical facts-ancient times :

APA

O'Neill A., . (1992). Historical facts-ancient times. New York: Crescent Books.

Chicago

O'Neill Amanda, . 1992. Historical facts-ancient times. New York: Crescent Books.

Harvard

O'Neill A., . (1992). Historical facts-ancient times. New York: Crescent Books.

MLA

O'Neill Amanda, . Historical facts-ancient times. New York: Crescent Books. 1992.

  • Place hold
  • Print
  • Cite
  • Add to your cart (remove)
  • Save record
    BIBTEX Dublin Core MARCXML MARC (non-Unicode/MARC-8) MARC (Unicode/UTF-8) MARC (Unicode/UTF-8, Standard) MODS (XML) RIS
  • More searches
    Search for this title in:
    Other Libraries (WorldCat) Other Databases (Google Scholar) Online Stores (Bookfinder.com) Open Library (openlibrary.org)

Exporting to Dublin Core...

SOUTHVILLE LIBRARY

Southville International School and Colleges Library

1281 Tropical Ave. Cor. Luxembourg St., BF Homes International, Las Pinas City

Tel. No. 8256374 / 252358 Loc. 117/146

Powered by Koha